Rubber indiayilekku (Record no. 51254)

MARC details
000 -LEADER
fixed length control field 00270nam a2200121Ia 4500
100 ## - MAIN ENTRY--AUTHOR NAME
Personal name Thomas V
245 #0 - TITLE STATEMENT
Title Rubber indiayilekku
260 ## - PUBLICATION, DISTRIBUTION, ETC. (IMPRINT)
Name of publisher Rubber
Year of publication 2021
300 ## - PHYSICAL DESCRIPTION
Number of Pages 26-29
650 ## - SUBJECT ADDED ENTRY--TOPICAL TERM
Topical Term Rubber history
942 ## - ADDED ENTRY ELEMENTS (KOHA)
Koha item type Bibliography STAF
Holdings
Withdrawn status Lost status Damaged status Not for loan Home library Current library Shelving location Date acquired Serial Enumeration / chronology Koha item type
      Bibliography RRII Library RRII Library Rubber general 09/04/2014 Volume 659, Issue April Bibliography STAF